| 000 | 01402cab a2200325 4500 | ||
|---|---|---|---|
| 001 | ABS48504 | ||
| 008 | 090401t1993 xxu||||| |||| 00| 0 eng d | ||
| 035 | _a(Sirsi) u67137 | ||
| 041 | _aeng | ||
| 100 | _aEpstein, D. | ||
| 245 | _aModern valuations | ||
| 260 | _c1993 | ||
| 350 | _a0 | ||
| 490 |
_aEstates Gazette _v(9314) 10 April 1993, 90-91; (9315) 17 April 1993, |
||
| 520 | _aFour articles on modern valuation methods discusses firstly why, in the author`s view, traditional valuation methods are unsatisfactory in today`s market conditions, secondly aims to ascertain the best method for capitalising the income stream from an over-rented investment by comparing a range of methods and thirdly examines the concept of effective rental value and method of calculation. Concludes with an examination of the inter-relationship between effective rental value and `core yield` with reference to the relative pricing of rack-rented and over-rented investments. Tables. | ||
| 650 | _aCAPITAL VALUATION | ||
| 650 | _aCORE YIELD | ||
| 650 | _aEFFECTIVE RENTAL VALUE | ||
| 650 | _aINVESTMENT VALUATION | ||
| 650 | _aMARKET CONDITIONS | ||
| 650 | _aOPEN MARKET | ||
| 650 | _aOVER-RENTED PROPERTY | ||
| 650 | _aRENTAL VALUES | ||
| 650 | _aTOP-SLICING | ||
| 650 | _aVALUATION METHODS | ||
| 650 | _aYIELDS | ||
| 690 | _aRATING AND VALUATION | ||
| 942 | _n0 | ||
| 948 | _c04/03/1997 | ||
| 999 |
_c42007 _d42007 |
||